Aktuálne problémy medzinárodnej ekonomickej integrácie krajín Latinskej Ameriky dizertačná práca
Gespeichert in:
| 1. Verfasser: | |
|---|---|
| Körperschaft: | |
| Weitere Verfasser: | |
| Format: | Buch |
| Sprache: | Slowakisch |
| Veröffentlicht: |
Bratislava
2012
|
| Schlagworte: | |
| Tags: |
Keine Tags, Fügen Sie das erste Tag hinzu!
|
MARC
| LEADER | 00000nbm a2200000 4500 | ||
|---|---|---|---|
| 001 | 0157328 | ||
| 005 | 20240502072740.9 | ||
| 041 | 0 | |a slo | |
| 044 | |a SK | ||
| 245 | 1 | 0 | |a Aktuálne problémy medzinárodnej ekonomickej integrácie krajín Latinskej Ameriky |b dizertačná práca |c Boris Baumgartner ; školiteľ: Viera Gavaľová |
| 264 | 1 | |a Bratislava |c 2012 | |
| 300 | |a 120 s. | ||
| 610 | 2 | 0 | |a integrácia ekonomická medzinárodná |
| 610 | 2 | 0 | |a Latinská Amerika |
| 610 | 2 | 0 | |a krajiny rozvojové |
| 610 | 2 | 0 | |a Mercosur |
| 100 | 1 | |a Baumgartner, Boris | |
| 700 | 1 | |a Gavaľová, Viera | |
| 710 | 2 | |a Obchodná fakulta EU. Katedra medzinárodného obchodu | |